Arrêts de bus de Nantes - Ligne C2 - Statistiques

Statistiques générales
  • Ce quiz a été pris 22 fois
  • Le résultat moyen est 24 sur 29
Statistiques - réponses
Commune Arrêts Correspondances % Correct
Nantes 50 Otages 2, 12, 23
100%
Nantes Commerce 1, 2, 3, C3, C8, 26
100%
Nantes Gare Sud 1, 5, C3, C8
100%
Nantes Place du Cirque 2, C1, C6, 11, 23
100%
Nantes Rond-Point de Rennes 10, 12, 23, 26
100%
Nantes Talensac 12, 23
100%
Nantes Cirque - Marais 12, 23
94%
Orvault Le Cardo 2, 50, 59, 89
94%
Nantes Saint-Stanislas 12, 23
94%
Nantes Américains 12
89%
Nantes, Orvault Bout des Pavés C20, 59, 86, 96
89%
Nantes, Orvault Pont du Cens C20, 59
89%
Nantes Berlioz 12
83%
Nantes Le Goffic 12, 23
83%
Nantes Rennes - Longchamp 12
83%
Nantes Bel Air 12, 23
78%
Nantes Chêne des Anglais 2, 96
78%
Nantes Hôtel Dieu C3, C8
78%
Nantes Lieu Unique C3, C8
78%
Nantes Bruneau 12, 23
72%
Nantes La Close
72%
Nantes René Cassin 2, 50, 96
72%
Nantes Forêt
67%
Nantes, Orvault Vallée C20, 59
67%
Nantes Bertrand
61%
Nantes Les Roches 50, 59
61%
Nantes Monteil C3, C8
61%
Nantes Route de La Chapelle
61%
Nantes La Coulée
56%
Aucun quiz correspondant
Distribution des résultats
% des personnes avec chaque résultat
Percentile par nombre de réponses
Votre historique - résultats
Vous n’avez pas pris ce quiz